The Oxford illustrated companion to South Indian classical music / (Record no. 26772)
[ view plain ]
| 000 -LEADER | |
|---|---|
| fixed length control field | 02845nam a22004095a 4500 |
| 005 - DATE AND TIME OF LATEST TRANSACTION | |
| control field | 20090525145256.0 |
| 008 - FIXED-LENGTH DATA ELEMENTS--GENERAL INFORMATION | |
| fixed length control field | 090202s2009 ii af b 001 0 eng d |
| 010 ## - LCCN (DPL NO) | |
| LC control number | ENG-93719 |
| 020 ## - INTERNATIONAL STANDARD BOOK NUMBER | |
| International Standard Book Number | 978019569998X |
| Terms of availability | 1950.00 |
| 020 ## - INTERNATIONAL STANDARD BOOK NUMBER | |
| International Standard Book Number | 0195699982 |
| Terms of availability | 1950.00 |
| 035 ## - SYSTEM CONTROL NUMBER | |
| System control number | EN-77252 |
| 035 ## - SYSTEM CONTROL NUMBER | |
| System control number | B-360884-890 |
| 037 ## - SOURCE OF ACQUISITION | |
| Stock number | DBAD / PUB |
| 037 ## - SOURCE OF ACQUISITION | |
| Stock number | Uppal Book Store |
| 040 ## - CATALOGING SOURCE | |
| Original cataloging agency | dpl |
| Language of cataloging | English |
| 082 ## - DEWEY DECIMAL CLASSIFICATION NUMBER | |
| Classification number | 780.9543 |
| 100 ## - MAIN ENTRY--PERSONAL NAME | |
| Personal name | Pesch, Ludwig. |
| 245 ## - TITLE STATEMENT | |
| Title | The Oxford illustrated companion to South Indian classical music / |
| Statement of responsibility, etc | by Ludwig Pesch |
| 246 ## - VARYING FORM OF TITLE | |
| Title proper/short title | South Indian classical music |
| 250 ## - EDITION STATEMENT | |
| Edition statement | 2nd ed. |
| 260 ## - PUBLICATION, DISTRIBUTION, ETC. (IMPRINT) | |
| Place of publication, distribution, etc | New Delhi : |
| Name of publisher, distributor, etc | Oxford University Press |
| Date of publication, distribution, etc | 2009 |
| 270 ## - ADDRESS | |
| Address | YMCA Library Building, Jai Singh Road, |
| City | New Delhi |
| Postal code | 110001 |
| 300 ## - PHYSICAL DESCRIPTION | |
| Extent | xxiii, 517 p. |
| Other physical details | ill. (some col.) ; |
| Dimensions | 25cm(Hb) |
| 500 ## - GENERAL NOTE | |
| General note | Includes bibliographical references and index |
| 650 ## - SUBJECT ADDED ENTRY--TOPICAL TERM | |
| Topical term or geographic name as entry element | Carnatic music |
| General subdivision | History and criticism. |
| 650 ## - SUBJECT ADDED ENTRY--TOPICAL TERM | |
| Topical term or geographic name as entry element | Music |
| Geographic subdivision | India |
| General subdivision | History and criticism. |
| 942 ## - ADDED ENTRY ELEMENTS (KOHA) | |
| Source of classification or shelving scheme | Dewey Decimal Classification |
| Item type | English Books |
| Classification part | 780.9543 |
| Call number suffix | PES |
| Withdrawn status | Lost status | Source of classification or shelving scheme | Damaged status | Not for loan | Collection code | Home library | Current library | Date acquired | Source of acquisition | Cost, normal purchase price | Total Checkouts | Full call number | Barcode | Date last seen | Copy number | Cost, replacement price | Koha item type | Total Renewals |
|---|---|---|---|---|---|---|---|---|---|---|---|---|---|---|---|---|---|---|
| Dewey Decimal Classification | Central Library | Central Library | 10/03/2010 | Uppal Book Store/9013/26.10.09/128/16.10.09/26.10.09 | 1950.00 | 780.9543 PES | B-360884 | 10/03/2010 | 1 | 1950.00 | English Books | |||||||
| Dewey Decimal Classification | Not For Loan | Non-fiction | D.B.Act.Division | D.B.Act.Division | 25/05/2009 | DBAD / PUB | 1950.00 | 780.9543 PES | EN-77252 | 25/05/2009 | 1 | 1950.00 | English Books | |||||
| Dewey Decimal Classification | Janak Puri | Janak Puri | 10/03/2010 | Uppal Book Store/9013/26.10.09/128/16.10.09/26.10.09 | 1950.00 | 2 | 780.9543 PES | B-360886 | 23/02/2013 | 1 | 1950.00 | English Books | ||||||
| Dewey Decimal Classification | Karol Bagh | Karol Bagh | 10/03/2010 | Uppal Book Store/9013/26.10.09/128/16.10.09/26.10.09 | 1950.00 | 780.9543 PES | B-360889 | 10/03/2010 | 1 | 1950.00 | English Books | |||||||
| Dewey Decimal Classification | Patel Nagar | Patel Nagar | 10/03/2010 | Uppal Book Store/9013/26.10.09/128/16.10.09/26.10.09 | 1950.00 | 780.9543 PES | B-360885 | 10/03/2010 | 1 | 1950.00 | English Books | |||||||
| Dewey Decimal Classification | Sarojini Nagar | Sarojini Nagar | 10/03/2010 | Uppal Book Store/9013/26.10.09/128/16.10.09/26.10.09 | 1950.00 | 2 | 780.9543 PES | B-360887 | 12/10/2021 | 1 | 1950.00 | English Books | 1 | |||||
| Dewey Decimal Classification | Shahdara Branch | Shahdara Branch | 10/03/2010 | Uppal Book Store/9013/26.10.09/128/16.10.09/26.10.09 | 1950.00 | 2 | 780.9543 PES | B-360890 | 08/02/2023 | 1 | 1950.00 | English Books | ||||||
| Dewey Decimal Classification | Vinoba Puri | Vinoba Puri | 10/03/2010 | Uppal Book Store/9013/26.10.09/128/16.10.09/26.10.09 | 1950.00 | 780.9543 PES | B-360888 | 10/03/2010 | 1 | 1950.00 | English Books |
